Pokémon Moves- Normal Type - Statistics

General Stats
  • This quiz has been taken 262 times
  • The average score is 145 of 200
Answer Stats
Gen Move % Correct
I Tackle
98%
I Hyper Beam
96%
I Quick Attack
96%
I Scratch
95%
I Slash
94%
I Mega Punch
93%
II Protect
92%
II Extreme Speed
91%
I Growl
91%
I Pound
91%
I Double-Edge
90%
I Headbutt
90%
I Body Slam
89%
I Double Slap
89%
I Leer
89%
I Mega Kick
89%
I Cut
88%
I Hyper Fang
88%
I Roar
88%
I Tail Whip
87%
III Crush Claw
86%
I Double Team
86%
IV Giga Impact
86%
III Hyper Voice
86%
I Take Down
86%
I Bind
85%
IV Crush Grip
85%
I Fury Swipes
85%
III Howl
85%
I Sing
85%
I Stomp
85%
I Bide
84%
I Defense Curl
84%
I Super Fang
84%
I Swords Dance
84%
III Fake Out
83%
II Return
83%
I Slam
83%
I Strength
83%
IV Double Hit
82%
I Harden
82%
I Horn Attack
82%
I Recover
82%
I Tri Attack
82%
II Attract
81%
I Metronome
81%
I Minimize
81%
I Pay Day
81%
II Sleep Talk
81%
II Snore
81%
I Transform
81%
I Wrap
81%
I Fury Attack
80%
I Guillotine
80%
I Horn Drill
80%
V Tail Slap
80%
I Conversion
79%
II Conversion 2
79%
IV Feint
79%
III Odor Sleuth
79%
I Self-Destruct
79%
I Soft-Boiled
79%
I Splash
79%
I Whirlwind
79%
III Yawn
79%
VI Boomburst
78%
III Covet
78%
V Echoed Voice
78%
I Explosion
78%
II Sketch
78%
IV Acupressure
77%
III Assist
77%
II Foresight
77%
II Frustration
77%
IV Judgment
77%
II Rapid Spin
77%
V Retaliate
77%
I Screech
77%
V After You
76%
I Constrict
76%
I Egg Bomb
76%
III Facade
76%
II Flail
76%
I Glare
76%
III Helping Hand
76%
I Mimic
76%
II Scary Face
76%
III Uproar
76%
V Work Up
76%
VII Breakneck Blitz
75%
IV Copycat
75%
II False Swipe
75%
III Follow Me
75%
IV Last Resort
75%
III Spit Up
75%
III Swallow
75%
I Swift
75%
III Wish
75%
II Belly Drum
74%
I Dizzy Punch
74%
VIII Max Strike
74%
IV Me First
74%
IX Population Bomb
74%
III Stockpile
74%
II Encore
73%
V Head Charge
73%
II Perish Song
73%
III Recycle
73%
I Sonic Boom
73%
I Supersonic
73%
IX Tera Blast
73%
I Thrash
73%
II Milk Drink
72%
I Rage
72%
I Razor Wind
72%
IV Rock Climb
72%
V Round
72%
I Skull Bash
72%
III Weather Ball
72%
II Baton Pass
71%
III Block
71%
VI Celebrate
71%
II Hidden Power
71%
III Teeter Dance
71%
III Tickle
71%
I Comet Punch
70%
I Flash
70%
VIII Max Guard
70%
III Secret Power
70%
III Slack Off
70%
I Substitute
70%
II Endure
69%
I Growth
69%
VI Hold Hands
69%
II Lock-On
69%
V Relic Song
69%
II Safeguard
69%
I Lovely Kiss
68%
II Mean Look
68%
III Refresh
68%
II Sweet Scent
68%
I Vise Grip
68%
III Endeavor
67%
I Focus Energy
67%
VII Extreme Evoboost
66%
III Nature Power
66%
VI Noble Roar
66%
I Sharpen
66%
IV Wring Out
66%
IV Captivate
65%
II Heal Bell
65%
IX Hyper Drill
65%
IX Tidy Up
65%
I Barrage
64%
I Disable
64%
V Entrainment
64%
VI Happy Hour
64%
VII Multi-Attack
64%
VII Pulverizing Pancake
64%
V Bestow
63%
V Chip Away
63%
VI Confide
63%
IX Doodle
62%
VI Hold Back
62%
II Mind Reader
62%
V Reflect Type
62%
IV Trump Card
62%
III Camouflage
61%
II Pain Split
60%
I Struggle
60%
V Techno Blast
60%
IV Lucky Chant
59%
V Shell Smash
59%
VIII Stuff Cheeks
59%
VIII G-Max Cuddle
58%
VIII G-Max Replenish
58%
II Present
58%
VII Revelation Dance
58%
IX Shed Tail
58%
I Spike Cannon
58%
VIII Court Change
57%
V Simple Beam
57%
II Swagger
57%
VII Veevee Volley
56%
VIII G-Max Gold Rush
55%
IV Natural Gift
55%
III Smelling Salts
55%
VIII Terrain Pulse
55%
VII Laser Focus
54%
I Smokescreen
54%
VI Play Nice
52%
IX Revival Blessing
52%
IX Fillet Away
51%
II Morning Sun
49%
IX Raging Bull
49%
VII Spotlight
48%
VII Tearful Look
48%
VIII Teatime
47%
II Psych Up
46%
VIII Power Shift
42%
No matching quizzes found
Score Distribution
Percent of People with Each Score
Percentile by Number Answered
Your Score History
You have not taken this quiz